000
00296nam a2200121Ia 4500
008
190216s9999||||xx |||||||||||||| ||und||
100
_a
Rana. K.C And Verma. K.N
245
0
_a
Macro Economic Analysis
260
_b
Vishal Publcations
_c
1999
300
_a
939p
650
_a
Economics
942
_c
BK
999
_c
10479
_d
10479